000 00648nam a2200241Ia 4500
003 OSt
005 20221005100103.0
006 a|||||r|||| 00| 0
007 ta
008 221004b |||||||| |||| 00| 0 mar d
024 _a40945
037 _cTextual
040 _aCRL
_cCRL
_bmar
041 _2mar
_amar
082 _aO155,3N20,21, K1
100 _aSathey Annabhau Au.
_9620682
245 0 _aFankera
260 _aPune
_bJagtap karat Prakashan India
300 _a227p.
_ccm.
650 _aMARATHI LITERATURE
_938000
942 _hO155,3N20,21, K1
_cTEXL
_2cc
999 _c1004629
_d1004629